000 00681nam a2200181Ia 4500
003 0
005 20250127125100.0
008 150126s9999 xx 000 0 und d
050 _aPGS ML 3830
_b.R175 2014
100 _aRamos, Patrixia Gaile A.
245 _aMusic preference and its effects on study habits of SISC grade 5 and 6 students /
_cPatrixia Gaile A. Ramos.
260 _aLas Piñas City, Philippines :
_bSouthville International School and Colleges,
_c2014.
300 _a27 p. :
_bill. ;
_c28 cm.
504 _aIncludes bibliographical references.
650 _aMusic
_v– Psychological aspects.
650 _aStudy skills
_vPsychological aspects.
942 _2lcc
_cPASS
999 _c278622
_d278622